Business Communication (Record no. 3055)

MARC details
000 -LEADER
fixed length control field 00380nam a22001697a 4500
005 - DATE AND TIME OF LATEST TRANSACTION
control field 20160618110034.0
008 - FIXED-LENGTH DATA ELEMENTS--GENERAL INFORMATION
fixed length control field 160618b xxu||||| |||| 00| 0 eng d
020 ## - INTERNATIONAL STANDARD BOOK NUMBER
ISBN 81-85989-36-2
041 ## - LANGUAGE CODE
Language code of text/sound track or separate title eng
082 ## - DEWEY DECIMAL CLASSIFICATION NUMBER
Item number 8089
100 ## - MAIN ENTRY--AUTHOR NAME
Personal name Sinha, K.K.
245 ## - TITLE STATEMENT
Title Business Communication
260 ## - PUBLICATION, DISTRIBUTION, ETC. (IMPRINT)
Name of publisher Godgatye
Year of publication 2003
300 ## - PHYSICAL DESCRIPTION
Number of Pages 647
650 ## - SUBJECT ADDED ENTRY--TOPICAL TERM
Topical Term Management
942 ## - ADDED ENTRY ELEMENTS (KOHA)
Koha item type Books
Holdings
Lost status Damaged status Collection code Home library Current library Shelving location Date acquired Cost, normal purchase price Full call number Accession Number Koha item type
    MANAGEMENT JRU Library JRU Library SHELF-62 -K 18/06/2016 250.00 8089 8089 Books